[Event "ODJM C 2024"]
[Site "Willingen GER"]
[Date "2024.05.19"]
[Round "2"]
[White "Lange, Lene Marie"]
[Black "Christoffers, Julia Anne"]
[Result "1/2-1/2"]
[Termination "normal"]
[Board "21"]
[WhiteElo "1497"]
[BlackElo "1531"]
[WhiteClock "00:39:26"]
[BlackClock "00:11:52"]
[PlyCount "68"]
[WhiteFideId "34639748"]
[BlackFideId "16249895"]
[EventCountry "GER"]
[EventRounds "9"]
[EventType "swiss"]
[EventDate "2024.05.18"]

1. d4 {[%clk 01:30:57]} {[%emt 00:00:03]} d5 {[%clk 01:30:52]} {[%emt
00:00:08]} 2. Bf4 {[%clk 01:31:11]} {[%emt 00:00:16]} Nf6 {[%clk 01:30:57]}
{[%emt 00:00:25]} 3. e3 {[%clk 01:31:15]} {[%emt 00:00:26]} e6 {[%clk
01:30:59]} {[%emt 00:00:28]} 4. Nf3 {[%clk 01:31:06]} {[%emt 00:00:38]} Be7
{[%clk 01:30:33]} {[%emt 00:00:57]} 5. Nbd2 {[%clk 01:29:47]} {[%emt 00:01:49]}
O-O {[%clk 01:30:30]} {[%emt 00:00:33]} 6. Bd3 {[%clk 01:29:30]} {[%emt
00:00:44]} Nbd7 {[%emt 00:00:37]} 7. O-O {[%clk 01:29:31]} {[%emt 00:00:27]} b6
{[%clk 01:30:18]} {[%emt 00:00:40]} 8. c3 {[%clk 01:29:00]} {[%emt 00:01:01]}
Bb7 {[%clk 01:30:08]} {[%emt 00:00:41]} 9. Qc2 {[%clk 01:26:46]} {[%emt
00:02:42]} c5 {[%clk 01:26:11]} {[%emt 00:04:29]} 10. Rac1 {[%clk 01:25:27]}
{[%emt 00:01:47]} c4 {[%clk 01:21:11]} {[%emt 00:05:31]} 11. Be2 {[%clk
01:23:31]} {[%emt 00:02:25]} Nh5 {[%clk 01:17:43]} {[%emt 00:03:59]} 12. Bg3
{[%clk 01:19:00]} {[%emt 00:05:01]} Nxg3 {[%clk 01:16:40]} {[%emt 00:01:33]}
13. hxg3 {[%clk 01:17:15]} {[%emt 00:02:14]} Nf6 {[%clk 01:15:09]} {[%emt
00:02:03]} 14. Ne5 {[%clk 01:14:47]} {[%emt 00:02:56]} Qc7 {[%clk 01:12:37]}
{[%emt 00:03:02]} 15. Ndf3 {[%clk 01:10:45]} {[%emt 00:04:33]} Bd6 {[%clk
01:11:09]} {[%emt 00:01:58]} 16. Rfd1 {[%clk 01:09:56]} {[%emt 00:01:17]} b5
{[%clk 01:06:08]} {[%emt 00:05:33]} 17. b4 {[%clk 01:05:49]} {[%emt 00:04:36]}
a5 {[%clk 00:56:37]} {[%emt 00:10:03]} 18. a3 {[%clk 00:59:42]} {[%emt
00:06:35]} axb4 {[%clk 00:53:15]} {[%emt 00:03:52]} 19. axb4 {[%clk 00:56:56]}
{[%emt 00:03:09]} Ra6 {[%clk 00:46:28]} {[%emt 00:07:26]} 20. Ra1 {[%clk
00:52:01]} {[%emt 00:05:24]} Rfa8 {[%clk 00:46:35]} {[%emt 00:00:22]} 21. Qb2
{[%clk 00:52:01]} {[%emt 00:00:31]} R8a7 {[%clk 00:39:22]} {[%emt 00:07:43]}
22. Rxa6 {[%clk 00:47:50]} {[%emt 00:04:40]} Rxa6 {[%clk 00:39:40]} {[%emt
00:00:13]} 23. Ra1 {[%clk 00:47:05]} {[%emt 00:01:14]} Qb6 {[%clk 00:38:43]}
{[%emt 00:01:27]} 24. Rxa6 {[%clk 00:45:43]} {[%emt 00:01:53]} Qxa6 {[%clk
00:39:08]} {[%emt 00:00:05]} 25. Nd2 {[%clk 00:45:01]} {[%emt 00:01:11]} Bc8
{[%clk 00:35:33]} {[%emt 00:04:06]} 26. Nb1 {[%clk 00:44:16]} {[%emt 00:01:14]}
Ne4 {[%clk 00:30:57]} {[%emt 00:05:06]} 27. Bf3 {[%clk 00:42:44]} {[%emt
00:02:01]} Ng5 {[%clk 00:29:53]} {[%emt 00:01:35]} 28. Qa3 {[%clk 00:41:35]}
{[%emt 00:01:39]} Nxf3+ {[%clk 00:28:21]} {[%emt 00:02:02]} 29. gxf3 {[%clk
00:41:52]} {[%emt 00:00:12]} f6 {[%clk 00:26:30]} {[%emt 00:02:22]} 30. Qxa6
{[%clk 00:41:29]} {[%emt 00:00:53]} Bxa6 {[%clk 00:26:55]} {[%emt 00:00:06]}
31. Nd7 {[%clk 00:40:21]} {[%emt 00:01:37]} Bb7 {[%clk 00:22:58]} {[%emt
00:04:28]} 32. Na3 {[%clk 00:39:55]} {[%emt 00:00:55]} Bc6 {[%clk 00:15:54]}
{[%emt 00:07:34]} 33. Nc5 {[%clk 00:39:51]} {[%emt 00:00:33]} Kf7 {[%clk
00:13:39]} {[%emt 00:02:46]} 34. e4 {[%clk 00:39:26]} {[%emt 00:00:55]} g6
{[%clk 00:11:52]} {[%emt 00:01:43]} 1/2-1/2

[Event "ODJM C 2024"]
[Site "Willingen GER"]
[Date "2024.05.19"]
[Round "2"]
[White "Lang, Samuel"]
[Black "Staudt, Merle"]
[Result "1-0"]
[Termination "normal"]
[Board "23"]
[WhiteElo "1268"]
[BlackElo "1573"]
[WhiteClock "01:25:43"]
[BlackClock "01:20:20"]
[PlyCount "39"]
[WhiteFideId "34660526"]
[BlackFideId "34631151"]
[EventCountry "GER"]
[EventRounds "9"]
[EventType "swiss"]
[EventDate "2024.05.18"]

1. d4 {[%clk 01:30:59]} {[%emt 00:00:01]} d5 {[%clk 01:30:56]} {[%emt
00:00:04]} 2. c4 {[%clk 01:31:26]} {[%emt 00:00:03]} e6 {[%clk 01:31:21]}
{[%emt 00:00:06]} 3. Nc3 {[%clk 01:31:52]} {[%emt 00:00:03]} c5 {[%clk
01:31:45]} {[%emt 00:00:05]} 4. Bf4 {[%clk 01:32:05]} {[%emt 00:00:17]} Nf6
{[%clk 01:29:21]} {[%emt 00:02:55]} 5. Nf3 {[%clk 01:31:57]} {[%emt 00:00:38]}
b6 {[%clk 01:22:16]} {[%emt 00:07:35]} 6. Nb5 {[%clk 01:28:54]} {[%emt
00:03:32]} Na6 {[%clk 01:21:37]} {[%emt 00:01:09]} 7. Qa4 {[%clk 01:28:18]}
{[%emt 00:01:06]} Qd7 {[%clk 01:20:08]} {[%emt 00:01:59]} 8. Ne5 {[%clk
01:27:30]} {[%emt 00:01:19]} Qb7 {[%clk 01:19:46]} {[%emt 00:00:51]} 9. Nc7+
{[%clk 01:27:00]} {[%emt 00:01:01]} Kd8 {[%clk 01:19:15]} {[%emt 00:01:01]} 10.
Nc6+ {[%clk 01:26:12]} {[%emt 00:01:18]} Kd7 {[%clk 01:18:14]} {[%emt
00:01:30]} 11. Na5+ {[%clk 01:25:15]} {[%emt 00:01:28]} Kd8 {[%clk 01:18:31]}
{[%emt 00:00:12]} 12. Nxb7+ {[%clk 01:25:36]} {[%emt 00:00:10]} Bxb7 {[%clk
01:18:49]} {[%emt 00:00:12]} 13. Nxa8 {[%clk 01:25:42]} {[%emt 00:00:24]} Bxa8
{[%clk 01:19:13]} {[%emt 00:00:06]} 14. Qxa6 {[%clk 01:26:08]} {[%emt
00:00:05]} cxd4 {[%clk 01:19:13]} {[%emt 00:00:29]} 15. Qxa7 {[%clk 01:26:25]}
{[%emt 00:00:13]} Bc6 {[%clk 01:19:23]} {[%emt 00:00:21]} 16. Qc7+ {[%clk
01:25:46]} {[%emt 00:01:07]} Ke8 {[%clk 01:19:40]} {[%emt 00:00:14]} 17. Qxc6+
{[%clk 01:26:04]} {[%emt 00:00:11]} Ke7 {[%clk 01:19:41]} {[%emt 00:00:28]} 18.
Bd6+ {[%clk 01:26:16]} {[%emt 00:00:19]} Kd8 {[%clk 01:20:03]} {[%emt
00:00:08]} 19. Qc7+ {[%clk 01:26:35]} {[%emt 00:00:13]} Ke8 {[%clk 01:20:20]}
{[%emt 00:00:11]} 20. Qc8# {[%clk 01:25:43]} {[%emt 00:00:25]} 1-0

[Event "ODJM C 2024"]
[Site "Willingen GER"]
[Date "2024.05.19"]
[Round "2"]
[White "Nguyen Trung, Atticus"]
[Black "Bräutigam, Viktoria"]
[Result "1-0"]
[Termination "normal"]
[Board "25"]
[WhiteElo "1581"]
[BlackElo "863"]
[WhiteClock "00:21:33"]
[BlackClock "00:33:10"]
[PlyCount "165"]
[WhiteFideId "34670041"]
[BlackFideId "34638652"]
[EventCountry "GER"]
[EventRounds "9"]
[EventType "swiss"]
[EventDate "2024.05.18"]

1. e4 {[%clk 01:30:57]} {[%emt 00:00:02]} e5 {[%clk 01:30:52]} {[%emt
00:00:08]} 2. Nf3 {[%clk 01:31:20]} {[%emt 00:00:07]} Nc6 {[%clk 01:31:13]}
{[%emt 00:00:10]} 3. Bc4 {[%clk 01:31:43]} {[%emt 00:00:07]} Bc5 {[%clk
01:31:10]} {[%emt 00:00:32]} 4. c3 {[%clk 01:31:58]} {[%emt 00:00:16]} Nf6
{[%clk 01:29:43]} {[%emt 00:01:56]} 5. d4 {[%clk 01:32:03]} {[%emt 00:00:25]}
Bb6 {[%clk 01:27:22]} {[%emt 00:02:52]} 6. d5 {[%clk 01:31:41]} {[%emt
00:00:51]} Ne7 {[%clk 01:26:52]} {[%emt 00:01:00]} 7. Nbd2 {[%clk 01:31:23]}
{[%emt 00:00:48]} d6 {[%clk 01:26:51]} {[%emt 00:00:31]} 8. Qc2 {[%clk
01:30:26]} {[%emt 00:01:28]} O-O {[%clk 01:25:28]} {[%emt 00:01:52]} 9. Nb3
{[%clk 01:29:46]} {[%emt 00:01:08]} h6 {[%clk 01:25:06]} {[%emt 00:00:53]} 10.
h3 {[%clk 01:29:34]} {[%emt 00:00:43]} Bd7 {[%clk 01:24:07]} {[%emt 00:01:29]}
11. O-O {[%clk 01:28:53]} {[%emt 00:01:12]} Ng6 {[%clk 01:21:49]} {[%emt
00:02:47]} 12. a4 {[%clk 01:27:50]} {[%emt 00:01:34]} a6 {[%clk 01:20:49]}
{[%emt 00:01:30]} 13. Re1 {[%clk 01:25:27]} {[%emt 00:02:51]} Nh7 {[%clk
01:10:08]} {[%emt 00:11:12]} 14. Bd2 {[%clk 01:19:19]} {[%emt 00:06:38]} Nh4
{[%emt 00:06:55]} 15. Be2 {[%clk 01:08:15]} {[%emt 00:06:08]} f5 {[%clk
01:08:26]} {[%emt 00:01:13]} 16. exf5 {[%clk 01:06:57]} {[%emt 00:01:49]} Bxf5
{[%clk 01:08:23]} {[%emt 00:00:31]} 17. Qc1 {[%clk 01:03:10]} {[%emt 00:04:00]}
Nxf3+ {[%clk 01:07:15]} {[%emt 00:01:52]} 18. Bxf3 {[%clk 01:02:53]} {[%emt
00:00:51]} Qe7 {[%clk 01:06:15]} {[%emt 00:01:30]} 19. Nd4 {[%clk 00:57:49]}
{[%emt 00:05:28]} Bg6 {[%clk 01:02:45]} {[%emt 00:04:05]} 20. Ne6 {[%clk
00:56:30]} {[%emt 00:01:42]} Rf7 {[%clk 01:01:16]} {[%emt 00:02:06]} 21. a5
{[%clk 00:55:28]} {[%emt 00:01:34]} Ba7 {[%clk 01:01:22]} {[%emt 00:00:24]} 22.
Be3 {[%clk 00:52:53]} {[%emt 00:02:58]} Bf5 {[%clk 01:00:06]} {[%emt 00:01:50]}
23. Bxa7 {[%clk 00:52:26]} {[%emt 00:00:59]} Rxa7 {[%clk 01:00:24]} {[%emt
00:00:12]} 24. Qe3 {[%clk 00:51:41]} {[%emt 00:01:09]} Ra8 {[%clk 01:00:40]}
{[%emt 00:00:19]} 25. Bg4 {[%clk 00:49:15]} {[%emt 00:02:45]} Bxg4 {[%clk
01:00:42]} {[%emt 00:00:39]} 26. hxg4 {[%clk 00:49:21]} {[%emt 00:00:25]} Ng5
{[%clk 01:00:46]} {[%emt 00:00:25]} 27. Nf4 {[%clk 00:48:25]} {[%emt 00:01:18]}
Qd7 {[%clk 01:00:42]} {[%emt 00:00:42]} 28. Ne6 {[%clk 00:45:12]} {[%emt
00:03:45]} Nxe6 {[%clk 01:00:35]} {[%emt 00:00:34]} 29. dxe6 {[%clk 00:45:12]}
{[%emt 00:00:31]} Qxe6 {[%clk 01:00:50]} {[%emt 00:00:13]} 30. g5 {[%clk
00:44:56]} {[%emt 00:00:46]} hxg5 {[%clk 00:59:45]} {[%emt 00:01:37]} 31. Qxg5
{[%clk 00:44:51]} {[%emt 00:00:33]} Rf5 {[%clk 00:59:15]} {[%emt 00:01:02]} 32.
Qg4 {[%clk 00:44:21]} {[%emt 00:00:53]} Raf8 {[%clk 00:58:01]} {[%emt
00:01:52]} 33. Re2 {[%clk 00:44:05]} {[%emt 00:00:30]} Qd5 {[%clk 00:55:52]}
{[%emt 00:02:54]} 34. Qa4 {[%clk 00:36:54]} {[%emt 00:07:27]} Rg5 {[%clk
00:55:36]} {[%emt 00:00:59]} 35. g3 {[%clk 00:31:47]} {[%emt 00:05:32]} Rh5
{[%clk 00:55:25]} {[%emt 00:00:48]} 36. Qe4 {[%clk 00:31:02]} {[%emt 00:01:03]}
Qe6 {[%clk 00:53:37]} {[%emt 00:02:27]} 37. Qxb7 {[%clk 00:17:58]} {[%emt
00:13:38]} Qc4 {[%clk 00:52:50]} {[%emt 00:01:15]} 38. Re3 {[%clk 00:16:06]}
{[%emt 00:02:13]} c6 {[%clk 00:52:42]} {[%emt 00:00:45]} 39. Rd1 {[%clk
00:14:36]} {[%emt 00:01:39]} Qa2 {[%clk 00:52:19]} {[%emt 00:01:15]} 40. Qxa6
{[%clk 00:14:09]} {[%emt 00:00:59]} Qxb2 {[%clk 00:51:40]} {[%emt 00:01:03]}
41. Rf1 {[%clk 00:12:34]} {[%emt 00:02:11]} Qc2 {[%clk 00:49:07]} {[%emt
00:03:02]} 42. Qxc6 {[%clk 00:12:04]} {[%emt 00:01:01]} Rh6 {[%clk 00:47:44]}
{[%emt 00:01:52]} 43. a6 {[%clk 00:11:52]} {[%emt 00:00:44]} Qf5 {[%clk
00:46:15]} {[%emt 00:01:57]} 44. a7 {[%clk 00:11:31]} {[%emt 00:00:53]} Qh3
{[%clk 00:46:02]} {[%emt 00:00:40]} 45. Qg2 {[%clk 00:11:56]} {[%emt 00:00:07]}
Qxg2+ {[%clk 00:45:53]} {[%emt 00:00:36]} 46. Kxg2 {[%clk 00:12:16]} {[%emt
00:00:13]} Ra8 {[%clk 00:46:03]} {[%emt 00:00:19]} 47. Ra1 {[%clk 00:12:34]}
{[%emt 00:00:13]} Re6 {[%clk 00:45:24]} {[%emt 00:01:07]} 48. Re4 {[%clk
00:12:39]} {[%emt 00:00:26]} Re7 {[%clk 00:44:48]} {[%emt 00:01:05]} 49. Rea4
{[%clk 00:13:03]} {[%emt 00:00:08]} e4 {[%clk 00:42:46]} {[%emt 00:02:31]} 50.
Ra6 {[%clk 00:12:48]} {[%emt 00:00:45]} Rd7 {[%clk 00:42:23]} {[%emt 00:00:53]}
51. Kh3 {[%clk 00:12:45]} {[%emt 00:00:29]} Kh7 {[%clk 00:42:32]} {[%emt
00:00:26]} 52. Kg4 {[%clk 00:13:02]} {[%emt 00:00:13]} Kh6 {[%clk 00:41:42]}
{[%emt 00:01:19]} 53. Kf4 {[%clk 00:13:29]} {[%emt 00:00:04]} g5+ {[%clk
00:41:33]} {[%emt 00:00:39]} 54. Kxe4 {[%clk 00:13:56]} {[%emt 00:00:03]} Kh5
{[%clk 00:40:04]} {[%emt 00:01:58]} 55. Kd5 {[%clk 00:14:24]} {[%emt 00:00:02]}
Kg4 {[%clk 00:39:03]} {[%emt 00:01:31]} 56. Ke6 {[%clk 00:14:39]} {[%emt
00:00:15]} Rc7 {[%clk 00:38:39]} {[%emt 00:00:55]} 57. R1a3 {[%clk 00:14:36]}
{[%emt 00:00:33]} Kf3 {[%clk 00:38:29]} {[%emt 00:00:40]} 58. Kxd6 {[%clk
00:14:56]} {[%emt 00:00:10]} Rh7 {[%clk 00:38:16]} {[%emt 00:00:42]} 59. Ra2
{[%clk 00:14:34]} {[%emt 00:00:54]} Rh2 {[%clk 00:37:59]} {[%emt 00:00:46]} 60.
Kc7 {[%clk 00:13:49]} {[%emt 00:01:13]} Rh7+ {[%clk 00:37:28]} {[%emt
00:01:03]} 61. Kd6 {[%clk 00:13:59]} {[%emt 00:00:19]} Rh2 {[%clk 00:35:42]}
{[%emt 00:02:15]} 62. Ke5 {[%clk 00:14:05]} {[%emt 00:00:25]} g4 {[%clk
00:33:43]} {[%emt 00:02:30]} 63. c4 {[%emt 00:01:23]} Rxf2 {[%clk 00:33:08]}
{[%emt 00:00:23]} 64. Rxf2+ {[%clk 00:14:06]} {[%emt 00:00:18]} Kxf2 {[%clk
00:33:10]} {[%emt 00:00:25]} 65. Kf4 {[%clk 00:14:32]} {[%emt 00:00:07]} Ke2
{[%clk 00:33:02]} {[%emt 00:00:36]} 66. Kxg4 {[%clk 00:14:47]} {[%emt
00:00:17]} Kd3 {[%clk 00:32:47]} {[%emt 00:00:45]} 67. c5 {[%clk 00:15:07]}
{[%emt 00:00:10]} Kd4 {[%clk 00:31:35]} {[%emt 00:01:41]} 68. c6 {[%clk
00:15:33]} {[%emt 00:00:05]} Kc5 {[%clk 00:31:47]} {[%emt 00:00:18]} 69. c7
{[%clk 00:15:50]} {[%emt 00:00:13]} Kb5 {[%clk 00:31:57]} {[%emt 00:00:20]} 70.
c8=Q {[%clk 00:16:03]} {[%emt 00:00:18]} Rxc8 {[%clk 00:31:37]} {[%emt
00:00:47]} 71. a8=Q {[%emt 00:00:07]} Rxa8 {[%clk 00:31:34]} {[%emt 00:00:30]}
72. Rxa8 {[%clk 00:16:57]} {[%emt 00:00:04]} Kb6 {[%clk 00:31:34]} {[%emt
00:00:30]} 73. Kf5 {[%clk 00:17:23]} {[%emt 00:00:05]} Kb7 {[%clk 00:31:40]}
{[%emt 00:00:24]} 74. Ra1 {[%clk 00:17:48]} {[%emt 00:00:04]} Kc6 {[%clk
00:31:46]} {[%emt 00:00:24]} 75. Rd1 {[%clk 00:18:13]} {[%emt 00:00:05]} Kc5
{[%clk 00:32:07]} {[%emt 00:00:08]} 76. g4 {[%clk 00:18:39]} {[%emt 00:00:05]}
Kc6 {[%emt 00:00:28]} 77. g5 {[%clk 00:18:58]} {[%emt 00:00:06]} Kc5 {[%clk
00:32:27]} {[%emt 00:00:16]} 78. g6 {[%clk 00:19:24]} {[%emt 00:00:06]} Kc4
{[%clk 00:32:47]} {[%emt 00:00:10]} 79. g7 {[%clk 00:19:49]} {[%emt 00:00:04]}
Kc5 {[%clk 00:33:03]} {[%emt 00:00:12]} 80. g8=Q {[%clk 00:20:14]} {[%emt
00:00:07]} Kc6 {[%clk 00:32:45]} {[%emt 00:00:48]} 81. Qc4+ {[%clk 00:20:39]}
{[%emt 00:00:05]} Kb6 {[%clk 00:33:07]} {[%emt 00:00:08]} 82. Rb1+ {[%clk
00:21:07]} {[%emt 00:00:03]} Ka5 {[%clk 00:33:10]} {[%emt 00:00:27]} 83. Qa2#
{[%clk 00:21:33]} {[%emt 00:00:04]} 1-0

[Event "ODJM C 2024"]
[Site "Willingen GER"]
[Date "2024.05.19"]
[Round "2"]
[White "Hantke, Florian"]
[Black "Arndt, Alex"]
[Result "1-0"]
[Termination "normal"]
[Board "26"]
[WhiteElo "1106"]
[BlackElo "1173"]
[WhiteClock "01:26:08"]
[BlackClock "01:03:21"]
[PlyCount "53"]
[WhiteFideId "34638962"]
[BlackFideId "533001847"]
[EventCountry "GER"]
[EventRounds "9"]
[EventType "swiss"]
[EventDate "2024.05.18"]

1. e4 {[%clk 01:30:30]} {[%emt 00:00:27]} e6 {[%clk 01:30:58]} {[%emt
00:00:05]} 2. d4 {[%clk 01:30:53]} {[%emt 00:00:07]} d5 {[%clk 01:31:25]}
{[%emt 00:00:03]} 3. exd5 {[%clk 01:30:26]} {[%emt 00:00:55]} exd5 {[%clk
01:31:51]} {[%emt 00:00:06]} 4. c4 {[%clk 01:30:31]} {[%emt 00:00:24]} Nf6
{[%clk 01:31:52]} {[%emt 00:00:30]} 5. Nc3 {[%clk 01:30:00]} {[%emt 00:00:55]}
Be6 {[%clk 01:31:31]} {[%emt 00:00:57]} 6. Qb3 {[%clk 01:27:57]} {[%emt
00:02:33]} b6 {[%clk 01:30:57]} {[%emt 00:01:05]} 7. Bg5 {[%clk 01:26:20]}
{[%emt 00:02:06]} dxc4 {[%clk 01:30:23]} {[%emt 00:01:04]} 8. Bxc4 {[%clk
01:26:38]} {[%emt 00:00:12]} Bxc4 {[%clk 01:30:41]} {[%emt 00:00:12]} 9. Qxc4
{[%clk 01:27:03]} {[%emt 00:00:05]} a6 {[%clk 01:26:30]} {[%emt 00:04:42]} 10.
Qe2+ {[%clk 01:27:02]} {[%emt 00:00:31]} Qe7 {[%clk 01:26:45]} {[%emt
00:00:15]} 11. Be3 {[%clk 01:27:11]} {[%emt 00:00:21]} Ne4 {[%clk 01:23:16]}
{[%emt 00:03:59]} 12. Qf3 {[%clk 01:26:17]} {[%emt 00:01:23]} f5 {[%clk
01:20:40]} {[%emt 00:03:06]} 13. Qxf5 {[%clk 01:25:57]} {[%emt 00:00:49]} Nxc3
{[%clk 01:20:40]} {[%emt 00:00:31]} 14. bxc3 {[%clk 01:26:20]} {[%emt
00:00:08]} Nc6 {[%clk 01:14:54]} {[%emt 00:06:16]} 15. Nf3 {[%clk 01:26:10]}
{[%emt 00:00:38]} g6 {[%clk 01:08:39]} {[%emt 00:06:46]} 16. Qf4 {[%clk
01:25:40]} {[%emt 00:01:00]} Qd6 {[%clk 01:08:01]} {[%emt 00:01:08]} 17. Qe4+
{[%clk 01:24:10]} {[%emt 00:02:00]} Be7 {[%clk 01:08:17]} {[%emt 00:00:14]} 18.
Bf4 {[%clk 01:24:33]} {[%emt 00:00:07]} Qd7 {[%clk 01:07:28]} {[%emt 00:01:19]}
19. Ne5 {[%clk 01:24:10]} {[%emt 00:00:53]} Qe6 {[%clk 01:04:08]} {[%emt
00:03:50]} 20. Qxc6+ {[%clk 01:24:23]} {[%emt 00:00:17]} Qxc6 {[%clk 01:04:32]}
{[%emt 00:00:06]} 21. Nxc6 {[%clk 01:24:50]} {[%emt 00:00:03]} Bd6 {[%clk
01:03:18]} {[%emt 00:01:44]} 22. Bxd6 {[%clk 01:25:00]} {[%emt 00:00:20]} cxd6
{[%clk 01:03:41]} {[%emt 00:00:06]} 23. O-O {[%clk 01:25:26]} {[%emt 00:00:05]}
Rc8 {[%clk 01:03:43]} {[%emt 00:00:28]} 24. d5 {[%clk 01:25:38]} {[%emt
00:00:17]} Kd7 {[%clk 01:03:55]} {[%emt 00:00:19]} 25. Rfe1 {[%clk 01:26:02]}
{[%emt 00:00:06]} Rhe8 {[%clk 01:03:47]} {[%emt 00:00:38]} 26. Kf1 {[%clk
01:26:18]} {[%emt 00:00:13]} Rf8 {[%clk 01:03:21]} {[%emt 00:00:56]} 27. Re7#
{[%clk 01:26:08]} {[%emt 00:00:10]} 1-0

[Event "ODJM C 2024"]
[Site "Willingen GER"]
[Date "2024.05.19"]
[Round "2"]
[White "Lau, Lars"]
[Black "Zhang, Kai"]
[Result "1-0"]
[Termination "normal"]
[Board "28"]
[WhiteElo "1554"]
[BlackElo "1504"]
[WhiteClock "01:30:08"]
[BlackClock "01:23:11"]
[PlyCount "81"]
[WhiteFideId "34623663"]
[BlackFideId "34658815"]
[EventCountry "GER"]
[EventRounds "9"]
[EventType "swiss"]
[EventDate "2024.05.18"]

1. c4 {[%clk 01:30:57]} {[%emt 00:00:02]} e5 {[%clk 01:30:49]} {[%emt
00:00:11]} 2. Nc3 {[%clk 01:31:23]} {[%emt 00:00:05]} Nf6 {[%clk 01:31:08]}
{[%emt 00:00:11]} 3. e3 {[%clk 01:31:47]} {[%emt 00:00:06]} Nc6 {[%clk
01:31:01]} {[%emt 00:00:36]} 4. Nf3 {[%clk 01:32:02]} {[%emt 00:00:15]} Bc5
{[%clk 01:30:59]} {[%emt 00:00:32]} 5. Be2 {[%clk 01:32:21]} {[%emt 00:00:12]}
d6 {[%clk 01:31:08]} {[%emt 00:00:21]} 6. a3 {[%clk 01:32:45]} {[%emt
00:00:06]} Be6 {[%clk 01:31:11]} {[%emt 00:00:27]} 7. b4 {[%clk 01:33:06]}
{[%emt 00:00:09]} Bb6 {[%clk 01:31:27]} {[%emt 00:00:13]} 8. d3 {[%clk
01:32:22]} {[%emt 00:01:15]} a6 {[%clk 01:30:34]} {[%emt 00:01:22]} 9. Bb2
{[%clk 01:32:39]} {[%emt 00:00:13]} Ne7 {[%clk 01:30:53]} {[%emt 00:00:12]} 10.
O-O {[%clk 01:32:26]} {[%emt 00:00:43]} c5 {[%clk 01:31:09]} {[%emt 00:00:14]}
11. Na4 {[%clk 01:32:01]} {[%emt 00:00:55]} cxb4 {[%clk 01:31:08]} {[%emt
00:00:30]} 12. axb4 {[%clk 01:31:43]} {[%emt 00:00:48]} a5 {[%clk 01:30:27]}
{[%emt 00:01:12]} 13. Nxb6 {[%clk 01:31:19]} {[%emt 00:00:53]} Qxb6 {[%clk
01:30:42]} {[%emt 00:00:16]} 14. b5 {[%clk 01:31:30]} {[%emt 00:00:19]} d5
{[%clk 01:30:41]} {[%emt 00:00:30]} 15. Bxe5 {[%clk 01:31:08]} {[%emt
00:00:51]} Bg4 {[%clk 01:26:50]} {[%emt 00:04:21]} 16. Bd4 {[%clk 01:30:36]}
{[%emt 00:01:03]} Qc7 {[%clk 01:26:40]} {[%emt 00:00:39]} 17. b6 {[%clk
01:30:18]} {[%emt 00:00:48]} Qc6 {[%clk 01:26:40]} {[%emt 00:00:29]} 18. Ne5
{[%clk 01:30:30]} {[%emt 00:00:19]} Qe6 {[%clk 01:26:35]} {[%emt 00:00:35]} 19.
Nxg4 {[%clk 01:30:44]} {[%emt 00:00:15]} Nxg4 {[%clk 01:26:37]} {[%emt
00:00:28]} 20. Bxg4 {[%clk 01:31:09]} {[%emt 00:00:05]} Qg6 {[%clk 01:26:54]}
{[%emt 00:00:13]} 21. Bh5 {[%clk 01:31:03]} {[%emt 00:00:37]} Qg5 {[%clk
01:27:02]} {[%emt 00:00:22]} 22. Qf3 {[%clk 01:31:11]} {[%emt 00:00:23]} O-O
{[%clk 01:27:15]} {[%emt 00:00:16]} 23. cxd5 {[%clk 01:29:49]} {[%emt
00:01:52]} Nxd5 {[%clk 01:27:18]} {[%emt 00:00:26]} 24. Qg4 {[%clk 01:30:12]}
{[%emt 00:00:07]} Qh6 {[%clk 01:26:55]} {[%emt 00:00:53]} 25. Qf5 {[%clk
01:30:15]} {[%emt 00:00:27]} Ne7 {[%clk 01:26:52]} {[%emt 00:00:33]} 26. Qd7
{[%emt 00:01:59]} Ng6 {[%clk 01:26:17]} {[%emt 00:00:06]} 27. Bxg6 {[%clk
01:30:07]} {[%emt 00:00:07]} Qxg6 {[%clk 01:26:38]} {[%emt 00:00:08]} 28. Qxb7
{[%clk 01:30:34]} {[%emt 00:00:04]} Qxd3 {[%clk 01:26:52]} {[%emt 00:00:16]}
29. Rfc1 {[%clk 01:30:40]} {[%emt 00:00:24]} Rab8 {[%clk 01:26:30]} {[%emt
00:00:51]} 30. Qc7 {[%clk 01:30:21]} {[%emt 00:00:49]} Qa6 {[%clk 01:24:02]}
{[%emt 00:02:59]} 31. Qa7 {[%clk 01:29:13]} {[%emt 00:01:38]} Qc8 {[%clk
01:22:48]} {[%emt 00:01:43]} 32. Rxc8 {[%clk 01:29:24]} {[%emt 00:00:19]} Rbxc8
{[%clk 01:23:00]} {[%emt 00:00:18]} 33. b7 {[%clk 01:29:44]} {[%emt 00:00:10]}
Rb8 {[%clk 01:22:57]} {[%emt 00:00:33]} 34. Be5 {[%clk 01:30:08]} {[%emt
00:00:06]} Rbd8 {[%clk 01:23:17]} {[%emt 00:00:09]} 35. b8=Q {[%clk 01:30:15]}
{[%emt 00:00:23]} f6 {[%clk 01:22:40]} {[%emt 00:01:07]} 36. Qb3+ {[%clk
01:29:32]} {[%emt 00:01:13]} Kh8 {[%clk 01:22:49]} {[%emt 00:00:21]} 37. Qbb7
{[%clk 01:29:39]} {[%emt 00:00:24]} Rg8 {[%clk 01:22:43]} {[%emt 00:00:36]} 38.
Bxf6 {[%clk 01:29:56]} {[%emt 00:00:12]} Ra8 {[%clk 01:22:38]} {[%emt
00:00:35]} 39. Bxg7+ {[%clk 01:29:54]} {[%emt 00:00:32]} Rxg7 {[%clk 01:22:55]}
{[%emt 00:00:13]} 40. Qbxa8+ {[%clk 01:30:12]} {[%emt 00:00:12]} Rg8 {[%clk
01:23:11]} {[%emt 00:00:14]} 41. Qd4# {[%clk 01:30:08]} {[%emt 00:00:03]} 1-0